| 000 | 01296nam0a2200385 4500 | ||
|---|---|---|---|
| 001 | RU\NLR\bibl\1810996 | ||
| 005 | 20250616153632.0 | ||
| 010 | _a978-5-9573-1920-7 | ||
| 010 |
_a978-0-7387-1507-0 _91000 |
||
| 021 |
_aRU _b2011-63834 _94487 |
||
| 035 | _a(nilc)RSL-KNO-004992211 | ||
| 035 | _a(NLR Aleph) 001801606 | ||
| 090 |
_a1794024 _c1794024 |
||
| 100 | _a20110816d2011 |||y0rusy50 ca | ||
| 101 | 1 |
_arus _ceng |
|
| 102 | _aRU | ||
| 105 | _aa ||||||||| | ||
| 200 | 1 |
_aНовая духовность _eвсе, что вы хотели знать о язычестве _fДжид Парма _g[пер. с англ. И.И. Малковой] |
|
| 210 |
_aСанкт-Петербург _cВесь _d2011 |
||
| 215 |
_a268, [1] с. _cил., портр. _d23 |
||
| 225 | 1 | _aРитмы Земли | |
| 320 | _aБиблиогр.: с. 268-269 | ||
| 606 | 1 |
_aНеоязычество _92185570 _3RU\NLR\auth\661314049 |
|
| 610 | 0 | _aнеоязычество | |
| 686 |
_aЭ319.2(0),0 _2rubbk |
||
| 686 | _aЭ231.92 | ||
| 700 | 1 |
_aПарма _bД. _f1988- _gДжид _4070 |
|
| 801 | 0 |
_aRU _bRuMoRKP _c20110816 _grcr |
|
| 801 | 1 |
_aRU _bRuMoRGB _c20110816 |
|
| 801 | 2 |
_aRU _bNLR _c20110920 _grcr |
|
| 830 | _aавт. по кн. | ||
| 942 | _cBOOK | ||
| 980 | _aNB | ||
| 980 | _aNBR | ||